Stratégia víťazstva Dnes večer na televíznych obrazovkách

Podrobná bibliografia
Hlavný autor: Halas, Juraj, 1953-2019 (Autor)
Médium: Článok
Jazyk:slovenčina
Predmet:

MARC

LEADER 00000nab a2200000 a 4500
001 vtls000225485
003 SK-MaSNL
005 20260303210528.0
008 230814c1985 xo 0 slo
015 |a SNBRB19rr/mm-uuuuu 
035 |a CL0235599 
040 |a SNKBUCL  |b slo  |c SNKBUCL  |e AACR2 
041 0 |a slo 
044 |a xo  |c SK 
080 |a 7.097(47)  |2 1981 
100 1 |a Halas, Juraj,  |d 1953-2019  |4 aut  |9 181897 
245 1 0 |a Stratégia víťazstva  |b Dnes večer na televíznych obrazovkách  |c Juraj Halas 
610 2 7 |a Československá televize  |2 SNKKA  |9 227058 
650 0 7 |a Stratégia víťazstva (seriál dokumentárny sovietsky)  |2 snkbucl  |9 1242363 
651 7 |a 3100  |2 snkbucl  |9 920766 
655 7 |a články z novín a časopisov  |2 snkbucl  |9 267496 
773 0 |t Pravda  |g Roč. 66, č. 214 (11. 9. 1985), s. 5 
850 |a Slovenská národná knižnica v Martine  |a MTA001 
852 |a SNK  |b KIS3GCP 
958 |a RK 
958 |a CZ 
958 |a SU 
992 |a RBX 
999 |c 2200570  |d 2202500